Les 20 villes les plus peuplées de la Mayenne (53) - Statistiques

Statistiques générales
  • Ce quiz a été pris 59 fois
  • Le résultat moyen est 10 sur 20
Statistiques - réponses
HINT HINT ANSWER % Correct
49 474 L Laval
100%
12 854 M Mayenne
96%
8 380 É Évron
69%
7 384 S Saint-Berthevin
69%
6 482 C Changé
65%
5 511 E Ernée
63%
16 539 C Château-Gontier-sur-Mayenne
62%
4 415 C Craon
58%
2 475 G Gorron
48%
4 345 L Louverné
44%
6 294 B Bonchamp-lès-Laval
37%
3 208 C Cossé-le-Vivien
37%
4 554 L L'Huisserie
35%
2 784 M Meslay-du-Maine
33%
2 506 R Renazé
33%
2 908 A Argentré
31%
2 682 V Villaines-la-Juhel
27%
3 192 M Montsûrs
25%
2 603 A Ambrières-les-Vallées
19%
2 724 L Loiron-Ruillé
13%
Aucun quiz correspondant
Distribution des résultats
% des personnes avec chaque résultat
Percentile par nombre de réponses
Votre historique - résultats
Vous n’avez pas pris ce quiz